000 01027cad a22002055a 4500
001 L156880
008 120724s2012 xxk f 000 0 eng d
035 _a(Sirsi) u156880
041 0 _aeng
110 2 _aFTI Consulting
_96099
245 0 0 _aUnderstanding supply constraints in the housing market
_bFinal report
_h[electronic resource]
260 _a[S.l.]
_bFTI Consulting
_c2012
520 _aAssesses the characteristics of housing supply, identifies the factors which determine housing supplyand looks at how the housing market has changed since 2008. It also suggests potential policy responses for boosting housing supply within the current market framework.
590 _aKA NTK
651 4 _aEngland
_y886-
690 _aResidential property
_96266
710 1 _aShelter
_92788
856 4 0 _uhttps://england.shelter.org.uk/__data/assets/pdf_file/0006/576906/120716_Understanding_Supply_Constraints_in_the_Housing_Market.pdf
_zView the item free of charge from the www.england.shelter.org.uk website
942 _n0
999 _c114466
_d114466